[Event "4NCL 2019-20"]
[Site "Daventry"]
[Date "2020.02.29"]
[Round "1"]
[White "Jackson, James P"]
[Black "Hill, Alistair"]
[Result "0-1"]
[WhiteElo "2392"]
[BlackElo "2217"]
[Annotator "TA"]
[PlyCount "218"]
[EventDate "2020.01.11"]
[EventCountry "ENG"]
[SourceTitle "playchess.com"]
[Source "ChessBase"]
[SourceQuality "1"]

{[%evp 29,218,4,0,0,31,0,0,0,0,0,0,0,0,0,0,-21,0,-8,0,-13,0,0,0,0,0,-14,0,-19,-20,-12,-12,-12,-20,-19,-12,-12,-7,0,0,0,0,0,0,0,0,0,0,0,0,0,0,0,0,0,0,0,0,-3,-3,-16,0,0,0,-5,0,-5,0,0,0,0,23,23,0,0,25,0,0,0,0,0,0,0,0,0,0,-151,-155,-155,-158,-177,-185,-233,-199,-185,-192,-270,-264,-232,-133,-133,-133,-133,-133,-133,-133,-133,-133,-133,-133,-133,-133,-133,-133,-133,-133,-140,-133,-133,-133,-133,-125,-125,-125,-133,-133,-133,-125,-133,-133,-133,-133,-133,-125,-133,-125,-133,-125,-177,-152,-185,-192,-192,-192,-192,-192,-191,-191,-197,0,0,0,0,0,0,0,0,-314,-287,-262,0,0,0,0,0,0,0,0,0,0,0,0,-29976,-29977,-29977,-29978,-29978,-29979,-29978,-29978,-29982,-29976,-29976,-269,-29974,-29974,-29977,-29975,-29981,-29982,-29983,-29984]} 1. e4 c5 2. Nf3 Nc6 3. d4 cxd4 4. Nxd4 Nf6 5. Nc3 e5 6. Ndb5 d6 7. Bg5 a6 8. Na3 b5 9. Nd5 Be7 10. Bxf6 Bxf6 11. c3 Bg5 12. Nc2 Rb8 13. Be2 a5 14. O-O O-O 15. Qd3 Ne7 16. Nce3 {B33: Sicilian: Pelikan and Sveshnikov Variations.} Bxe3 (16... Be6 {is more complex.} 17. Rad1 Nxd5 18. Nxd5 Qd7 19. a3 g6) 17. Nxe7+ (17. Nxe3 {feels hotter.} Qc7 18. Rfd1 Rd8 19. a4 bxa4 20. Qc4) 17... Qxe7 18. Qxe3 {The position is equal.} Be6 19. Rfd1 Rfc8 20. a3 h6 {[#]} 21. Rd2 $146 ({Predecessor:} 21. h3 Rc6 22. Rd2 Qc7 23. Kh2 Rc5 24. Rad1 Rd8 25. Kg1 {1-0 (86) Przewoznik,J (2415)-Vyzmanavin,A (2480) Naleczow 1986}) 21... Rc6 22. Bd3 Bb3 23. Qe2 Qb7 24. Bc2 Bc4 25. Qd1 Rd8 26. Bb3 Rb6 27. f3 d5 28. Bc2 Rbd6 29. exd5 $1 Rxd5 30. Rxd5 {[%cal Rd5d8]} Qb6+ 31. Kh1 Rxd5 32. Qe1 a4 33. Rd1 Qd6 (33... Rxd1 {is interesting.} 34. Qxd1 g6 35. Qd2 Kg7 36. g3 f5) 34. Rxd5 Qxd5 35. h4 Kf8 36. Qe3 Qd6 37. Kg1 Qe7 38. Qb6 g6 39. Qe3 Kg7 40. f4 Qxh4 41. Qxe5+ Qf6 42. Qd4 Qxd4+ 43. cxd4 $11 {[%mdl 4096] Endgame KB-KB} Kf6 44. Kf2 Ke6 45. Ke3 Kd6 46. g3 Bf1 47. Be4 Bc4 48. f5 g5 49. g4 Bf1 (49... Bb3 {with more complications.} 50. Kd2 f6 51. Bf3 Bf7 52. Bd1 Bc4) 50. Bd3 Bxd3 51. Kxd3 {KP-KP} Kd5 52. f6 Kd6 53. Ke4 Ke6 54. d5+ Kxf6 55. Kd4 {aiming for Kc5.} Ke7 56. Ke5 f6+ 57. Kf5 $2 (57. Ke4 $1 $11) 57... Kd6 $17 58. Kxf6 Kxd5 59. Kg6 Kc4 $1 {[%cal Rc4b3]} 60. Kxh6 Kb3 61. Kxg5 Kxb2 62. Kf6 (62. Kf4 $142) 62... Kxa3 $19 {KPP-KP} 63. g5 b4 ({Black should play} 63... Kb2 $19 64. g6 a3) 64. g6 $17 b3 65. g7 b2 66. g8=Q b1=Q {KQ-KQ} 67. Ke7 Qe4+ 68. Kd7 Kb2 {And now ...a3 would win.} 69. Qb8+ Kc3 70. Qc7+ Qc4 71. Qa5+ Kc2 72. Ke8 Qd4 73. Qc7+ Qc3 74. Qh2+ Kb3 {White must now prevent ...Qc8+.} 75. Qb8+ Ka2 76. Qh2+ Qb2 $1 {[%cal Rb2h2]} 77. Qd6 Qh8+ 78. Ke7 Qh7+ 79. Ke8 Qg8+ 80. Ke7 Qg5+ 81. Ke8 {intending Qe6+.} Qe3+ 82. Kd8 a3 {...Kb2 is the strong threat.} 83. Qd5+ (83. Qb4 $17) 83... Kb2 84. Qb7+ Kc2 {( -> ...Qd4+)} 85. Qc6+ Qc3 86. Qa4+ Kb2 87. Qb5+ Kc1 {Threatens to win with ...a2.} 88. Ke8 a2 $2 (88... Qf3 $19 {Strongly threatening ...Qe3+.} 89. Qc4+ Kd2 90. Qb4+ Kd1 91. Qb1+ Ke2 92. Qb5+ Ke1) 89. Qf1+ $11 Kc2 90. Qe2+ Qd2 91. Qe4+ Kd1 $2 {[%mdl 8192]} (91... Kb2 $2 92. Qb7+ Kc2 93. Qe4+ Kd1 94. Qa4+ Ke1 95. Qh4+ Qf2 96. Qh1+ Kd2 97. Qd5+ Kc1 98. Qg5+ Kd1 99. Qd5+ Qd2 100. Qb3+ Ke1 101. Qg3+ Qf2 102. Qa3 $19) (91... Kc1 $11 92. Qc6+ Kd1 93. Qa4+ Ke2 94. Qc4+ Ke1 95. Qh4+ Kd1 96. Qa4+ Ke2 97. Qg4+ Kf1 98. Qf3+ Qf2 99. Qh1+ Qg1 100. Qf3+ Qf2 101. Qh1+ Ke2 102. Qh5+ Kd2 103. Qa5+ Kd1 104. Qa4+ Ke1) 92. Qa4+ $19 Ke1 93. Qh4+ {[#]} Qf2 $1 {[%cal Rf2h4]} 94. Qh1+ Ke2 95. Qh5+ Ke3 96. Qc5+ Kf3 97. Qd5+ Kg3 98. Qg5+ Kh2 99. Qh5+ Kg1 100. Qg4+ $2 {[%mdl 8192]} (100. Qd1+ $11 Kg2 101. Qa1) 100... Kf1 101. Qh3+ Qg2 102. Qf5+ Ke1 103. Qa5+ {[#]} Qd2 $1 104. Qa3 Qe2+ 105. Kf8 Qf2+ $2 (105... Qc2 {mates} 106. Qa5+ Kf1 107. Qe5 Qc8+ 108. Kf7 Qb7+ 109. Kg6 Qa6+ 110. Kg5 a1=Q 111. Qf4+ Ke1 112. Qh4+ Kd2 113. Qf4+ Kc3 114. Qe5+ Kb4 115. Qe7+ Kb3 116. Qf7+ Qc4 117. Qb7+ Kc3 118. Qf3+ Kb4 119. Qb7+ Qb5+ 120. Qxb5+ Kxb5 121. Kf5 Kc5 122. Ke6 Qe1+ 123. Kf7 Kd6 124. Kf6 Qe6+ 125. Kg5 Ke5 126. Kh4 Kf4 127. Kh5 Qc6 128. Kh4 Qh6#) 106. Kg8 $2 (106. Ke8 $19 Qe2+ 107. Kf8) 106... Qg2+ {Black mates.} 107. Kh8 Qh1+ 108. Kg8 Qd5+ 109. Kh7 Qf7+ {Accuracy: White = 86%, Black = 91%.} 0-1

[Event "4NCL 2019-20"]
[Site "Daventry"]
[Date "2020.02.29"]
[Round "1"]
[White "Wells, Peter K"]
[Black "Ashton, Adam G"]
[Result "1/2-1/2"]
[WhiteElo "2390"]
[BlackElo "2379"]
[Annotator "ChessBase"]
[PlyCount "41"]
[EventDate "2020.01.11"]
[EventCountry "ENG"]
[SourceTitle "playchess.com"]
[Source "ChessBase"]
[SourceQuality "1"]
[TimeControl "40/6000:3000+30"]

1. Nf3 {[%emt 0:05:57]} d5 {[%emt 0:04:36]} 2. c4 {[%emt 0:00:16]} e6 {[%emt 0:00:00]} 3. g3 {[%emt 0:00:49]} Nf6 {[%emt 0:01:31]} 4. Bg2 {[%emt 0:02:00]} Be7 {[%emt 0:05:09]} 5. O-O {[%emt 0:00:16]} O-O {[%emt 0:00:00]} 6. d4 {[%emt 0:00:00]} dxc4 {[%emt 0:00:00]} 7. Qc2 {[%emt 0:01:20]} a6 {[%emt 0:04:23]} 8. Qxc4 {[%emt 0:01:51]} b5 {[%emt 0:00:00]} 9. Qc2 {[%emt 0:00:00]} Bb7 {[%emt 0:00:00]} 10. Bg5 {[%emt 0:04:39]} Nbd7 {[%emt 0:05:54]} 11. Bxf6 {[%emt 0:01:24]} Nxf6 {[%emt 0:04:04]} 12. Nbd2 {[%emt 0:01:04]} Rc8 {[%emt 0:07:21]} 13. Nb3 {[%emt 0:00:27]} Be4 {[%emt 0:03:46]} 14. Qc3 {[%emt 0:08:17]} Qd5 {[%emt 0:08:13]} 15. Rfc1 {[%emt 0:23:04]} Rfd8 {[%emt 0:09:09]} 16. Qa5 {[%emt 0:06:39]} Qb7 {[%emt 0:12:16]} 17. Nc5 {[%emt 0:05:41]} Bxc5 {[%emt 0:00:00]} 18. Rxc5 {[%emt 0:00:00]} Qb6 {[%emt 0:03:22]} 19. Qxb6 {[%emt 0:04:24]} cxb6 {[%emt 0:00:00]} 20. Rcc1 {[%emt 0:00:00]} Nd5 {[%emt 0:04:34]} 21. a3 {[%emt 0:14:00]} 1/2-1/2

[Event "4NCL 2019-20"]
[Site "Daventry"]
[Date "2020.02.29"]
[Round "1"]
[White "Sieciechowicz, Marcin"]
[Black "Edouard, Romain"]
[Result "0-1"]
[WhiteElo "2377"]
[BlackElo "2640"]
[Annotator "TA"]
[PlyCount "104"]
[EventDate "2020.01.11"]
[EventCountry "ENG"]
[SourceTitle "playchess.com"]
[Source "ChessBase"]
[SourceQuality "1"]

{[%evp 9,104,23,34,24,31,14,33,0,-3,-18,-14,-16,-27,-18,6,0,-6,-15,-6,-32,-23,-37,-33,-78,32,-84,-83,-111,-81,-92,-89,-90,-17,-19,-25,-51,14,18,13,-36,-37,-37,-56,-66,0,0,0,0,15,0,68,0,0,0,0,0,0,-9,0,0,0,-54,-50,-291,-291,-284,-289,-256,-254,-539,-539,-2141,-513,-513,-513,-494,-338,-307,0,-603,-605,-600,-600,-582,-580,-600,-566,-439,-436,-429,-410,-388,-381,-381,-381,-614,-606]} 1. d4 f5 2. Bg5 g6 3. Nc3 Bg7 4. h4 h6 5. Bf4 Nf6 6. e3 {A80: Dutch Defence: Unusual White second moves.} d6 7. Qf3 e6 8. Bc4 {White is slightly better.} Qe7 9. O-O-O Nc6 10. Nh3 Bd7 11. Bh2 {[#]} Qf7 $146 ({Predecessor:} 11... O-O 12. Nf4 Qf7 13. Qg3 Ne7 14. f3 Nfd5 15. Ncxd5 exd5 16. Bb3 Bb5 17. e4 Bc4 18. exd5 Bxb3 19. axb3 Nxd5 20. Qxg6 Qxg6 21. Nxg6 {1-0 (26) Eckardt,J (2039)-Simon,H (2143) Germany 2014}) 12. Qe2 O-O-O 13. f3 Nd5 14. Bxd5 exd5 15. Nf4 Ne7 16. g4 Bf6 (16... g5 $17 17. Nh5 gxh4) 17. h5 (17. gxf5 $1 $14 gxf5 18. Bg3) 17... g5 $17 18. Nd3 Rhe8 19. Rde1 Bg7 20. Qg2 f4 ({Better is} 20... Kb8 $17) 21. exf4 $11 Bxd4 22. Nd1 Bb5 ({Black should play} 22... Bf6 $15) 23. fxg5 hxg5 24. Rhf1 Nc6 25. Rxe8 Rxe8 26. Qd2 Ne5 (26... Bb6 $15 27. Qxg5 Nd4) 27. Nxe5 $1 dxe5 28. Re1 Qxf3 29. Qxg5 Be2 (29... Bd7 $11) 30. Qd2 ({White should try} 30. Bg1 $14) 30... Bxd1 31. Qxd1 Be3+ 32. Kb1 Qxd1+ $1 33. Rxd1 {[%mdl 4096] Endgame KRB-KRB} d4 34. c3 c5 35. cxd4 (35. Re1 $11) 35... cxd4 $15 36. Kc2 $2 (36. Rf1 $15) 36... e4 $19 37. Bg1 {[#] Threatens to win with Bxe3.} d3+ $1 38. Kc3 {[#]} Bg5 $1 39. Bd4 $2 ({Stronger than} 39. Bxa7 Kd7 $17) (39. Bf2) 39... Re7 40. Rh1 d2 (40... Rc7+ $142 41. Bc5 Rxc5+ 42. Kd4 Rc1) 41. Kc2 e3 {And now ...e2 would win.} 42. Bc3 {and the idea h6 leaves White hopeful.} Re6 43. Kd3 Re7 $2 (43... Kd7 $19 44. Ke2 Kc6) 44. a3 $2 {[%mdl 8192]} (44. Kc2 $11) 44... Rd7+ 45. Ke2 Rf7 46. Kd3 Rf2 47. h6 {[#] Strongly threatening h7.} Bxh6 $1 {[%mdl 512]} 48. Kc2 (48. Rxh6 d1=Q+) 48... e2 49. Bxd2 {[#]} e1=Q $1 {[%mdl 512]} 50. Rxe1 Rxd2+ ({Much less strong is} 50... Bxd2 51. Rg1 $19) 51. Kb1 Bg7 52. Re8+ $2 {[#]} (52. Rc1+ Kd7 53. Rc2 Rd1+ 54. Rc1) 52... Kd7 $1 {Accuracy: White = 57%, Black = 70%.} 0-1

[Event "4NCL 2019-20"]
[Site "Daventry"]
[Date "2020.02.29"]
[Round "1"]
[White "Pigott, John C"]
[Black "Lee, Richard W Y"]
[Result "1/2-1/2"]
[WhiteElo "2370"]
[BlackElo "2130"]
[Annotator "TA"]
[PlyCount "83"]
[EventDate "2020.01.11"]
[EventCountry "ENG"]
[SourceTitle "playchess.com"]
[Source "ChessBase"]
[SourceQuality "1"]

{[%evp 11,83,9,13,14,14,16,17,0,20,10,53,14,17,15,2,-29,-29,-29,-29,-30,-45,-30,0,-42,-29,-53,-37,-40,-8,-52,-63,-108,-102,-83,71,58,54,35,26,22,49,18,10,10,12,15,35,9,9,8,17,0,0,0,0,0,0,0,0,0,0,0,0,0,0,0,0,0,0,0,0,0,0,0]} 1. c4 e6 2. Nf3 d5 3. e3 Nf6 4. Nc3 Be7 5. b3 O-O 6. Bb2 b6 7. cxd5 {A13: English Opening: 1...e6.} Nxd5 8. Nxd5 exd5 9. Rc1 c5 10. d4 Be6 {[#]} 11. Ba3 $146 ({Predecessor:} 11. Bd3 Nc6 12. O-O a5 13. Bb5 Qd6 14. Qd2 Rfc8 15. Rfd1 Nb4 16. a3 Na6 17. Qe2 {0-1 (67) Simonetto,A (2158)-Frank,E (2286) Graz 2020}) 11... Nd7 12. Bd3 Rc8 13. O-O c4 14. Bxe7 Qxe7 15. bxc4 dxc4 16. Bb1 Bd5 17. Re1 (17. e4 {looks sharper.} Bxe4 18. Qe2 Rfe8 19. Rfe1 Nf6 20. Ng5) 17... f5 18. Nd2 c3 19. Nf1 b5 (19... g6 {with more complications.} 20. Ng3 Nf6 21. Ne2 Qa3 22. Bc2 b5) 20. f3 (20. Bxf5 $5 Rxf5 21. e4 {[%mdl 64] Decoy} Bxe4 22. Ng3 $15) 20... Qe6 21. Qc2 b4 22. e4 b3 $2 {[#]} (22... fxe4 $17 23. fxe4 Bc4) 23. axb3 $16 fxe4 24. fxe4 Bxb3 25. Qd3 Qc4 26. Qxc4+ Rxc4 27. Ne3 Rxd4 28. Rxc3 Be6 29. Rc6 Re8 {The position is equal.} 30. Ra6 Nc5 31. Rxa7 Nxe4 32. Nc2 Rd7 33. Rxd7 Bxd7 34. Nd4 Nc3 35. Rxe8+ Bxe8 $11 {[%mdl 4096] Endgame KBN-KBN} 36. Bd3 Bd7 37. Nf3 h6 38. Kf2 Kf7 39. Ke3 Nd5+ 40. Kd4 Nf4 41. Bf1 Kf6 42. g3 {Accuracy: White = 75%, Black = 79%.} 1/2-1/2

[Event "4NCL 2019-20"]
[Site "Daventry"]
[Date "2020.02.29"]
[Round "1"]
[White "Reimanis, Ritvars"]
[Black "Jones, Gawain C B"]
[Result "1/2-1/2"]
[WhiteElo "2370"]
[BlackElo "2679"]
[Annotator "TA"]
[PlyCount "69"]
[EventDate "2020.01.11"]
[EventCountry "ENG"]
[SourceTitle "playchess.com"]
[Source "ChessBase"]
[SourceQuality "1"]

{[%evp 10,69,41,-29,-23,-30,-34,-47,-8,-22,-17,0,-6,-17,11,-11,5,11,6,10,10,12,8,11,7,14,18,14,31,15,56,56,81,75,75,75,75,75,89,85,134,131,128,127,127,120,180,132,120,157,152,50,61,48,54,0,0,0,42,0,0,0]} 1. d4 Nf6 2. c4 g6 3. Nc3 d5 4. Bf4 Bg7 5. e3 c5 6. cxd5 (6. dxc5 $14 Qa5 7. Rc1 (7. cxd5 Nxd5 8. Qxd5 Bxc3+ 9. bxc3 Qxc3+ {[%mdl 64] Double Attack} 10. Ke2 Qxa1 $11)) 6... Nxd5 $11 {D82: Grünfeld: 4 Bf4.} 7. Bxb8 {Be5 is the strong threat.} Rxb8 8. Bb5+ Bd7 {Black is slightly better.} 9. Qa4 O-O 10. Bxd7 Nb6 {[%mdl 64] Double Attack} 11. Qxa7 {[#]} Nxd7 $146 ({Predecessor:} 11... cxd4 12. exd4 Nxd7 13. Nge2 Qc7 14. Qa4 Rfd8 15. O-O Nb6 16. Qb4 Nd5 17. Nxd5 Rxd5 {0-1 (34) Jackson,R (1938)-Wright,N (2141) Adelaide 2007}) 12. Nge2 Qc7 13. O-O Ra8 14. Nd5 $1 {[%csl LRc7,LRe7][%mdl 64] Double Attack} Qd6 15. Qxb7 {Black should prevent Qc6.} Rfb8 16. Qc6 {[%mdl 64] Decoy} Qxc6 17. Nxe7+ {[%mdl 64] Double Attack} Kf8 18. Nxc6 Rxb2 19. Nf4 Ra6 20. Nd3 Rd2 {[#]} 21. Nce5 $1 {[%cal Re5d7]} Bxe5 22. Nxe5 Nxe5 23. dxe5 $16 {[%mdl 4096] Endgame KRR-KRR} Ra4 24. f4 Rd3 25. Kf2 g5 26. fxg5 Rd5 27. e6 {Threatens to win with Kg1.} fxe6 (27... Rxg5 $16 28. exf7 Kxf7) 28. Ke2+ Ke7 29. Rf4 Ra3 {[#]} 30. Rh4 (30. h4 $1 $16) 30... Rxg5 $14 31. Rxh7+ Kd6 32. Kf3 {Hoping for g4.} Rf5+ 33. Ke2 Rg5 $1 34. Kf3 {And now g4 would win.} Rf5+ 35. Ke2 {Accuracy: White = 81%, Black = 79%.} 1/2-1/2

[Event "4NCL 2019-20"]
[Site "Daventry"]
[Date "2020.02.29"]
[Round "1"]
[White "Kilpatrick, Callum"]
[Black "Ledger, Andrew J"]
[Result "1-0"]
[WhiteElo "2363"]
[BlackElo "2347"]
[Annotator "TA"]
[PlyCount "115"]
[EventDate "2020.01.11"]
[EventCountry "ENG"]
[SourceTitle "playchess.com"]
[Source "ChessBase"]
[SourceQuality "1"]

{[%evp 10,115,-7,-9,10,10,17,-12,32,0,0,0,0,0,0,0,8,0,18,16,27,25,23,33,27,0,12,6,5,0,24,13,24,16,37,33,40,13,30,26,15,16,29,24,71,67,72,72,133,129,139,135,177,160,153,151,155,146,179,148,150,141,146,98,133,133,136,136,192,187,195,203,234,244,237,220,246,251,251,253,243,243,244,238,322,321,298,262,297,175,159,87,183,183,264,222,307,251,8716,6709,12828,9896,1353,1083,851,683,12831,12831]} 1. e4 e6 2. d4 d5 3. Bd3 dxe4 4. Bxe4 Nf6 5. Bf3 c5 6. Ne2 Nbd7 {C01: French: Exchange Variation.} 7. Nbc3 cxd4 8. Nxd4 Bc5 {[#] The position is equal.} 9. Be3 $146 ({Predecessor:} 9. O-O O-O 10. Bg5 Ne5 11. Nb3 Qxd1 12. Bxd1 Be7 13. Be2 Bd7 14. Rad1 Rfd8 15. f4 {1-0 (25) Clarkson,G (142)-Chung,E (152) Hull 2018}) 9... O-O 10. O-O a6 11. Qe2 Qc7 12. Rad1 Ne5 13. Bg5 Nxf3+ 14. Qxf3 Qe5 15. Bf4 Qh5 16. Qxh5 Nxh5 17. Bc7 Nf6 18. Na4 Ba7 19. c4 Bd7 20. Nb6 Bxb6 $1 21. Bxb6 Rac8 22. b3 e5 23. Nf3 Rfe8 24. Rfe1 Rc6 25. Ba5 e4 26. Nd4 $36 {[%mdl 2048] Black is under pressure.} Rc5 27. Bb6 Rg5 28. Ne2 Bc8 (28... Bc6 $142) 29. Ng3 $16 Rge5 30. Bd4 R5e7 31. Bxf6 gxf6 32. Rd6 f5 33. Nh5 Kh8 34. Nf6 Rf8 35. Red1 {aiming for Rd8.} Be6 36. f3 Kg7 37. Nh5+ Kg6 {[#]} 38. Nf4+ $1 Kg5 (38... Kg7 $16 {might work better.} 39. Kf2 Rfe8) 39. g3 $18 Rc8 40. Kf2 b5 41. h4+ (41. Rxa6 $6 bxc4 42. h4+ Kh6 $16) 41... Kh6 42. fxe4 (42. Rxa6 $6 bxc4 43. fxe4 Kg7 $16) 42... fxe4 43. R1d4 (43. Rxa6 $6 bxc4 44. Rc1 Kg7 $16) 43... bxc4 44. bxc4 (44. Rxa6 c3 $11) 44... Kg7 45. Rxe4 a5 46. Ke3 Rb7 47. Nxe6+ fxe6 {[%mdl 4096] Endgame KRR-KRR} 48. Ra6 Rb4 49. Kd3 ({Don't take} 49. Rexe6 $6 Rbxc4 50. Rxa5 Rc3+ 51. Kf2 Rf8+ 52. Kg2 Rg8 $18) (49. Raxe6 Rbxc4 50. Kf4 Rxe4+ 51. Rxe4 (51. Kxe4 Rc2 $14) 51... Kf6 $16) (49. Ra7+ $142 Kh8 50. Rxa5 (50. Rxe6 Rbxc4 51. Ree7 Rc3+ 52. Kf2 h6 $18)) 49... Ra4 50. g4 (50. Raxe6 $142 Ra3+ 51. Kd4) 50... Rxa2 (50... e5 $16 51. Kc3 (51. Rxe5 Rcxc4 52. Re7+ Kf8 $16) 51... Rc7) 51. Rexe6 Rd8+ (51... Rg2 $142 52. Re4 (52. Rxa5 Rg3+ 53. Ke2 Rxg4 $14) 52... Rg3+ 53. Kd4 Rd8+ 54. Kc5 Rc8+ 55. Rc6 Rxc6+ 56. Kxc6 a4) 52. Ke3 Ra3+ 53. Ke4 Rg3 $2 (53... Rd7 54. Re5 a4 55. Rg5+ Kf8 56. Rf5+ Ke7) 54. Kf4 {White is clearly winning.} Rc3 55. Re7+ Kg8 56. Rc7 Rf8+ 57. Kg5 {[#] Strongly threatening Raa7.} Re3 58. Kh6 {Accuracy: White = 76%, Black = 51%.} 1-0

[Event "4NCL 2019-20"]
[Site "Daventry"]
[Date "2020.02.29"]
[Round "1"]
[White "Rendle, Thomas E"]
[Black "Fitzsimons, David"]
[Result "1/2-1/2"]
[WhiteElo "2361"]
[BlackElo "2328"]
[Annotator "TA"]
[PlyCount "64"]
[EventDate "2020.01.11"]
[EventCountry "ENG"]
[SourceTitle "playchess.com"]
[Source "ChessBase"]
[SourceQuality "1"]

{[%evp 11,64,-8,4,-15,-11,-18,-9,0,0,0,9,-6,3,-24,-22,-27,0,-7,-8,-14,20,18,27,19,21,23,46,29,54,52,52,52,52,50,63,63,63,63,63,75,59,66,94,5,0,5,2,2,2,2,8,0,0,0,0]} 1. e4 c5 2. Nf3 d6 3. c3 Nf6 4. Be2 g6 5. O-O Bg7 6. d3 O-O 7. Be3 {B50: Sicilian: 2...d6, Miscellaneous.} Nc6 8. Nfd2 e5 9. Na3 b6 10. f4 {[#]} d5 $146 ({Predecessor:} 10... exf4 11. Bxf4 h6 12. Nb5 d5 13. Nc7 dxe4 14. Nxa8 exd3 15. Bf3 Nd4 16. Nc7 Nc2 {0-1 (55) Jasim,A (2208)-Tukmakov,V (2557) Biel 1999}) 11. fxe5 Nxe5 12. Bf4 (12. Bg5 $5 {[%cal Rd3d4]}) 12... Re8 13. Nb5 {White wants to play d4.} a6 (13... dxe4 {with more complications.} 14. Nxe4 Nxe4 15. dxe4 Qe7 16. Nd6 Rd8) 14. d4 cxd4 $1 15. cxd4 axb5 (15... Nd3 {seems wilder.} 16. Bxd3 dxe4 17. Bc7 Qe7 18. Be5 axb5 19. Bxe4 Ra7) 16. dxe5 Nxe4 17. Nxe4 dxe4 18. Bxb5 Qxd1 19. Rfxd1 (19. Raxd1 {feels hotter.} Rf8 20. a4 Bf5 21. Rd6 Rab8 22. Rc1) 19... Bg4 20. Bxe8 Bxd1 21. Bc6 Rd8 22. Kf2 Bc2 23. Rc1 Bd3 24. Ke3 Rc8 25. Rc3 g5 26. Bg3 h5 {[#] aiming for ...h4.} 27. h3 (27. Bxe4 $16 Rxc3 28. bxc3) 27... h4 $11 {The position is equal.} 28. Bh2 Rd8 {With the idea ...f5.} 29. Bxe4 Bxe4 30. Kxe4 Rd2 {[%mdl 64] [#] Double Attack} 31. Kf3 Rxb2 32. Rb3 Rxa2 {Accuracy: White = 84%, Black = 84%.} 1/2-1/2

[Event "4NCL 2019-20"]
[Site "Daventry"]
[Date "2020.02.29"]
[Round "1"]
[White "Derakhshani, Borna"]
[Black "Roberson, Peter T"]
[Result "1/2-1/2"]
[WhiteElo "2354"]
[BlackElo "2435"]
[Annotator "TA"]
[PlyCount "82"]
[EventDate "2020.01.11"]
[EventCountry "ENG"]
[SourceTitle "playchess.com"]
[Source "ChessBase"]
[SourceQuality "1"]

{[%evp 10,82,17,0,6,0,6,4,7,2,3,-10,-7,-8,0,-3,0,0,0,0,27,0,0,-27,-22,-37,-39,-37,-33,-23,-10,-16,-8,-62,0,-14,-11,-68,-77,-76,-73,-60,-63,-60,-69,-62,-59,-64,-15,-54,-48,-76,-82,-105,-56,-78,-69,-77,-16,-19,0,0,0,-4,-4,-4,-8,-10,0,0,0,0,0,0,0]} 1. Nf3 Nf6 2. e3 d5 3. b3 e6 4. Bb2 c5 5. d4 Nc6 6. Be2 cxd4 {D05: Colle System with ...e6.} 7. exd4 Bd6 8. O-O O-O 9. Nbd2 {[%cal Bb1d2,Bd2f3,Bf3g5][%mdl 32]} b6 10. Ne5 Bb7 11. f4 Ne7 {[#]} 12. Bd3 $146 ({Predecessor:} 12. Qe1 Ne4 13. Nxe4 dxe4 14. Bg4 f5 15. Bd1 Nc6 16. c4 Bxe5 17. dxe5 Qe7 18. a4 {½-½ (89) Fluvia Poyatos,J (2223)-Saez Moya,J (2069) Formigal 2002}) 12... Ne4 13. Qe2 {[%cal Rd2e4]} f5 14. Ndf3 Qe8 15. Ng5 Nc6 16. a3 Nxe5 17. dxe5 Bc5+ 18. Kh1 Nxg5 19. fxg5 Qg6 20. Bc1 d4 21. Qf2 ({Better is} 21. h4 $11) 21... Qh5 22. b4 Be7 23. Be2 (23. Bc4 $11) 23... Qg6 $1 $15 24. Qxd4 {[#] Strongly threatening Qd7.} Bxg5 25. Bxg5 Qxg5 {[%csl Gb7][%cal Rg5g2]} 26. Bf3 Rad8 27. Qc3 Bxf3 28. Rxf3 Rd5 (28... h6 {is more complex.} 29. h3 Rd2 30. Rg3 Qf4 31. Rf3 Qd4) 29. Rd3 Rxd3 30. Qxd3 {[%mdl 4096] Endgame KQR-KQR} Rd8 31. Qc4 Qe7 32. Qe2 Qc7 33. h3 Qc3 (33... Rd5 $17 34. Re1 Qc3) 34. Rd1 $1 $11 {[%cal Rd1d8] The position is equal.} Rxd1+ (34... Rd4 {seems wilder.} 35. Rxd4 Qxd4 36. Qb5 Kf7 37. c3 Qd1+) 35. Qxd1 Qxe5 {KQ-KQ} 36. Qd8+ Kf7 37. Qd7+ Kf6 38. Qxa7 Qd6 39. c4 Qd1+ 40. Kh2 Qd6+ 41. Kh1 Qd1+ {Accuracy: White = 82%, Black = 81%.} 1/2-1/2

[Event "4NCL 2019-20"]
[Site "Daventry"]
[Date "2020.02.29"]
[Round "1"]
[White "Hajbok, Robert"]
[Black "Makepeace, Philip J"]
[Result "1-0"]
[WhiteElo "2353"]
[BlackElo "2076"]
[Annotator "TA"]
[PlyCount "63"]
[EventDate "2020.01.11"]
[EventCountry "ENG"]
[SourceTitle "playchess.com"]
[Source "ChessBase"]
[SourceQuality "1"]

{[%evp 17,63,64,67,49,64,44,85,70,117,102,101,99,116,109,130,135,141,93,189,168,214,209,237,240,398,403,392,395,393,403,388,327,460,456,510,522,519,508,565,560,641,635,701,734,1303,1283,1425,1418]} 1. d4 c5 2. d5 Nf6 3. Nc3 g6 4. e4 d6 5. Bb5+ Nbd7 6. a4 Bg7 7. Nf3 O-O 8. O-O a6 9. Be2 b6 10. h3 {A43: Schmid Benoni.} Bb7 11. Bf4 {[#]} Nh5 $146 ({Predecessor:} 11... Qc7 12. Re1 Rad8 13. Bh2 Rfe8 14. Bc4 Ne5 15. Nxe5 dxe5 16. Qe2 Ra8 17. Rad1 Red8 18. Kh1 Bh6 19. Qf3 Bg7 20. Qe3 Ne8 21. Bf1 Nd6 22. f4 exf4 23. Qxf4 Rf8 24. Be2 Rad8 {½-½ (24) Pirs,M (2523)-Staroske,U (2526) ICCF email 2017}) 12. Bh2 {White is better.} Bxc3 13. bxc3 Nhf6 14. Nd2 c4 15. Bxc4 Nc5 16. Re1 Qd7 17. a5 b5 (17... bxa5 $16 18. Rxa5 Rac8) 18. Bf1 $18 Rfc8 19. c4 Na4 20. Qf3 Rc7 $2 (20... Qd8 {was worth a try.} 21. Qe3 (21. cxb5 axb5 22. Bf4 Qxa5 $16) 21... Nc5) 21. e5 dxe5 22. Bxe5 {[%mdl 64] [#] Double Attack} Nc5 23. Bxc7 Qxc7 24. Qe3 Re8 (24... bxc4 {is a better defense.} 25. Bxc4 Re8) 25. Nb3 {White is clearly winning.} Ncd7 26. cxb5 Nxd5 27. Qd2 axb5 28. a6 Ba8 29. Bxb5 Rd8 30. c4 Nf4 31. Rxe7 Bxg2 32. Rxd7 {Accuracy: White = 94%, Black = 32%.} 1-0